Les 10 réseaux sociaux les plus utilisés en France - Statistiques

Statistiques générales
  • Ce quiz a été pris 362 fois
  • Le résultat moyen est 7 sur 10
Statistiques - réponses
Hint Réponse % Correct
3 Instagram
99%
1 Facebook
96%
5 Snapchat
95%
6 TikTok
87%
7 Twitter
87%
2 WhatsApp
78%
4 Messenger
59%
10 LinkedIn
37%
8 Pinterest
35%
9 iMessage
4%
Aucun quiz correspondant
Distribution des résultats
% des personnes avec chaque résultat
Percentile par nombre de réponses
Votre historique - résultats
Vous n’avez pas pris ce quiz